000 00327nam a2200145Ia 4500
003 OSt
008 191201s2012 xx 000 0 und d
082 _a629.8
_bKUM
100 _aKUMAR,DS
245 0 _aAutomatic Control Systems
260 _bManav Rachna Pub
_c2012
300 _a492
650 _aB.Tech(ECE)
942 _2ddc
_cBK
999 _c7144
_d7144